| 000 | 00872nam a2200217 a 4500 | ||
|---|---|---|---|
| 003 | 0 | ||
| 005 | 20250621110657.0 | ||
| 008 | 021114s19uu xx 00 eng d | ||
| 050 |
_aPGS HE 336.T7 _b.R173 1998 |
||
| 050 |
_aPGS HE 336.T7 _b.R173 1998 |
||
| 100 | _aRamiro, Karla Maureen S. | ||
| 245 |
_aTraffic congestion in Las Piñas as experienced of the grade 6 students of SIS S.Y. 97-98. _cRamiro, Karla Maureen S. |
||
| 260 |
_aLas Piñas City, Philippines : _bSouthville International School and Colleges, _c1998. |
||
| 300 |
_aUnpaged : _billustrations ; _c28 cm. |
||
| 504 | _aIncludes bibliographical references. | ||
| 650 |
_aTraffic congestion _zPhilippines _zLas Piñas. |
||
| 650 |
_aUrban transportation _zPhilippines. |
||
| 650 |
_aSchool children _zPhilippines _vAttitudes. |
||
| 650 |
_aTransportation _zPhilippines _vSocial aspects. |
||
| 942 |
_2lcc _cPASS |
||
| 999 |
_c96129 _d96129 |
||